000 00561nam a22001697a 4500
999 _c17748
_d17748
008 160317b xxu||||| |||| 00| 0 eng d
020 _a9781071814048
082 _22022
_aDC 363.325
_bM363
100 _93873
_aMartin, Gus
245 _aEssentials of terrorism :
_bConcepts and controversies /
_cGus Martin.
250 _a6th Edition
260 _aCalifornia :
_bSAGE Publications, Inc.,
_c©2022.
300 _axxiii, 392 pages :
_billustrations ;
_c23 cm.
500 _aIncludes appendix, glossary, and index.
650 0 _93883
_aTerrorism.
942 _2ddc
_cDC